Normal view MARC view
  • Kraige, L.G; Bolton, J.N

Entry Personal Name

Number of records used in: 2

001 - CONTROL NUMBER

  • control field: 51499

003 - CONTROL NUMBER IDENTIFIER

  • control field: NUST

005 - DATE AND TIME OF LATEST TRANSACTION

  • control field: 20210314135008.0

008 - FIXED-LENGTH DATA ELEMENTS

  • fixed length control field: 210314|| aca||aabn | a|a d

040 ## - CATALOGING SOURCE

  • Original cataloging agency: NUST
  • Transcribing agency: NUST

100 ## - HEADING--PERSONAL NAME

  • Personal name: Kraige, L.G; Bolton, J.N

670 ## - SOURCE DATA FOUND

  • Source citation: Work cat.: (NUST): Meriam, J.L 13089, Engineering mechanics., 2017..
© 2023 Central Library, National University of Sciences and Technology. All Rights Reserved.